000 00574cam a2200145 4500500
005 20251228082811.0
041 _afre
042 _adc
100 1 0 _aQuantin, Jean-Louis
_eauthor
245 0 0 _aPascal Taranto, Du déisme à l’athéisme. La libre-pensée d’Anthony Collins, Paris, Champion, 2000. Un vol. 24 × 16 cm de 557 p.
260 _c2002.
500 _a11
786 0 _nDix-septième siècle | 216 | 3 | 2002-09-01 | p. 545m-569m | 0012-4273
856 4 1 _uhttps://shs.cairn.info/revue-dix-septieme-siecle-2002-3-page-545m?lang=fr&redirect-ssocas=7080
999 _c1599772
_d1599772